00381 a2200109 4500001001000000005001700010008004100027245007900068100001900147773008800166999001700254ART_4657520260410161731.0260409a 10aDiez postulados para una investigación contable universitaria de calidad1 aSader, Gustavo0 tEscritos contables y de administracióng- Vol. 8, Nº 1 (ene./jun. 2017)wREV2758 c17873d17873